000 00592nam a22002177a 4500
005 20220714142122.0
008 220714b ||||| |||| 00| 0 eng d
040 _cAL
041 _aEnglish
082 _223
_a327.5
_bSARI
100 _aN A Sarma
_949392
245 _aIndia and China
260 _aNoida
_bBirla Economic Research Foundation
_c1996
300 _aiii,29 p.
_bPB
_c20.5x13.5 cm.
365 _b₹50.00
_c
_d₹50.00
650 _aInternational relations
_949393
650 _aIndia
_949394
650 _aChina
_949395
700 _aSARMA (N A)
_949396
942 _2ddc
_cGF
999 _c223774
_d223774